Preaching on controversial issues : (Record no. 15348)
[ view plain ]
| 000 -LEADER | |
|---|---|
| fixed length control field | 00479nam a22001692 4500 |
| 001 - CONTROL NUMBER | |
| control field | 0000016017 |
| 005 - DATE AND TIME OF LATEST TRANSACTION | |
| control field | 20140825164632.0 |
| 008 - FIXED-LENGTH DATA ELEMENTS--GENERAL INFORMATION | |
| fixed length control field | 090505s1953 xx 000 0 eng d |
| 040 ## - CATALOGING SOURCE | |
| Original cataloging agency | PUL |
| 050 ## - LIBRARY OF CONGRESS CALL NUMBER | |
| Classification number | BX8333.B565 |
| Item number | P7 1953 |
| 100 1# - MAIN ENTRY--PERSONAL NAME | |
| Personal name | Bosley, Harold Augustus, |
| Dates associated with a name | 1907-. |
| 245 10 - TITLE STATEMENT | |
| Title | Preaching on controversial issues : |
| Remainder of title | free pulpit in a free society. |
| 260 ## - PUBLICATION, DISTRIBUTION, ETC. (IMPRINT) | |
| Place of publication, distribution, etc | New York : |
| Name of publisher, distributor, etc | Harper, |
| Date of publication, distribution, etc | 1953. |
| 300 ## - PHYSICAL DESCRIPTION | |
| Extent | 221 p. ; |
| Dimensions | 22 cm. |
| 650 #0 - SUBJECT ADDED ENTRY--TOPICAL TERM | |
| Topical term or geographic name as entry element | Preaching. |
| 908 ## - PUT COMMAND PARAMETER (RLIN) | |
| Put command parameter | 090505 |
| Withdrawn status | Lost status | Source of classification or shelving scheme | Damaged status | Not for loan | Home library | Current library | Date acquired | Source of acquisition | Total Checkouts | Full call number | Barcode | Date last seen | Price effective from | Koha item type |
|---|---|---|---|---|---|---|---|---|---|---|---|---|---|---|
| Library of Congress Classification | Presbyterian University of East Africa - Main Library | Presbyterian University of East Africa - Main Library | 26/12/2012 | Donation | BX8333.B565 P7 1953 | 020020018462 | 26/12/2012 | 26/12/2012 | General circulation books |
